Fundamentals of electric circuits

Kaydedildi:
Detaylı Bibliyografya
Yazar:  Alexander, Charles K
Materyal Türü: Sách
Dil:Undetermined
Baskı/Yayın Bilgisi:  McGraw-Hill Higher Education  2013
Konular:
Etiketler: Etiketle
Etiket eklenmemiş, İlk siz ekleyin!
Thư viện lưu trữ: Trung tâm Thư viện - Trường Đại học Công nghiệp TP. Hồ Chí Minh
LEADER 00533nam a2200157Ia 4500
001 UIH_05604
008 231011s9999 xx 000 0 und d
082 |a  621.3192 
100 |a  Alexander, Charles K 
245 0 |a  Fundamentals of electric circuits 
245 0 |c  Alexander, Charles K 
260 |b  McGraw-Hill Higher Education 
260 |c  2013 
650 |a  Mạch điện; Phân tích mạch điện;  
927 |a Sách 
980 |a Trung tâm Thư viện - Trường Đại học Công nghiệp TP. Hồ Chí Minh